000 01079njm a22002537a 4500
005 20100906110713.0
007 sd ammalaaahaa
008 100830t xxu||||| |||| 00| 0 hin d
028 _aN. 88309
_bHis Master's Voice
035 _aGR-844
040 _aSED/VEN
100 _917458
_aKapur, Mahera
245 _aSuno re bhaie suno bhag 1 /
_cby Mahendra Kapur ; music Dtn. Shivram ; lyric Ramesh Gupta
_h[Sound recording] :
246 _aसुनो रे भाई सुनो (महेंद्र कपूर)
260 _aDum Dum, India
_bHis Master's Voice
300 _a1 Sound disc [Gramophone Record] :
_banlog, 33 1/3 rpm
_c10 in (LP)
_fGramophone Records
500 _aBrief record
505 _aBadhata chal badhata chal-rastriy (बढ़ता चल बढ़ता चल-रास्ट्रीय) भाग. 2
650 _aClasical music
_91186
_zIndia
_xExcerpts
700 _917459
_aShivram
700 _aGupta, Ramesh
_918539
942 _2ddc
_cGR
999 _c44043
_d44043